[Event "Washington op"]
[Site "Lynnwood"]
[Date "2015.05.23"]
[Round "2"]
[White "Feng, Roland"]
[Black "Colasurdo, James M"]
[Result "1-0"]
[WhiteElo "2322"]
[BlackElo "1939"]
[PlyCount "83"]
[EventDate "2015.05.23"]
[EventType "swiss"]
[EventRounds "6"]
[EventCountry "USA"]
[SourceTitle "EXT 2017"]
[Source "ChessBase"]
[SourceDate "2016.10.25"]
[SourceVersion "1"]
[SourceVersionDate "2016.10.25"]
[SourceQuality "1"]

1. d4 Nf6 2. c4 d6 3. Nf3 g6 4. Nc3 Bg7 5. Bg5 h6 6. Bh4 0-0 7. e3 Na6 8. Be2 c5 9. d5 Nc7 10. h3 Bd7 11. a4 Rb8 12. Bd3 a6 13. a5 b6 14. axb6 Rxb6 15. Qc2 Qb8 16. Rb1 a5 17. e4 Na6 18. Be2 Qb7 19. Nd2 Rb8 20. b3 Nb4 21. Qc1 Ne8 22. 0-0 e5 23. dxe6 fxe6 24. Bg3 Nc6 25. Nb5 e5 26. Nf3 Nd4 27. Nfxd4 cxd4 28. f4 Nc7 29. Nxc7 Qxc7 30. Qc2 Qc5 31. Bd3 Bf8 32. Kh2 g5 33. fxg5 hxg5 34. Qf2 Be6 35. Qf6 Qc8 36. Qg6+ Kh8 37. c5 Rxb3 38. cxd6 Bg7 39. Rxb3 Rxb3 40. Rf6 Bxh3 41. Rf7 Qg8 42. Bc4 1-0